| 000 | 01778cam a22005294i 4500 | ||
|---|---|---|---|
| 003 | PE-LiUPU | ||
| 005 | 20250731165650.0 | ||
| 008 | 150616s r 000 0 d | ||
| 020 | _a0806128224 | ||
| 020 | _a9780806128221 | ||
| 035 | _a(Sirsi) i9780806128221 | ||
| 040 |
_aPE-LiUPU _bspa _cPE-LiUPU _erda |
||
| 049 | _aPRUA | ||
| 082 | 0 | 4 |
_a932d _bD32 _221 |
| 100 | 1 |
_aDavid, Ann Rosalie, _eautor. |
|
| 245 | 1 | 2 |
_aA Biographical Dictionary of Ancient Egypt / _cAnn Rosalie David. |
| 264 | 1 |
_aLondres : _bSeaby Ltd., _c1996. |
|
| 300 |
_a180 páginas : _bilustraciones ; _c24 centímetros |
||
| 336 |
_atext _2rdacontent |
||
| 337 |
_aunmediated _2rdamedia |
||
| 338 |
_avolume _2rdacarrier |
||
| 505 | 0 | _aBiographical dictionary. | |
| 526 | _aSEG44 | ||
| 526 | _aSEG26 | ||
| 526 | _aP151 | ||
| 526 | _aP150 | ||
| 526 | _aP149 | ||
| 526 | _aP146 | ||
| 526 | _aP145 | ||
| 526 | _aP126 | ||
| 526 | _aP125 | ||
| 526 | _aP92 | ||
| 526 | _aP75 | ||
| 526 | _aP74 | ||
| 526 | _aP27 | ||
| 526 | _aP15 | ||
| 651 |
_aEgipto _xHistoria _yc. 640 d.C. _vDiccionarios. |
||
| 700 | 1 |
_aDavid, Antony E., _eautor. |
|
| 910 |
_ajck _bjvq _cjck |
||
| 910 |
_bksl _cksl _d20190520 |
||
| 942 |
_2ddc _cBOOK |
||
| 949 |
_aRC 932D D32 _wDEWEY _c1 _i43397 _lCCODEBUL1 _mBUL _r0 _sY _tBOOK _u2015-6-16 _xEDUCACION _zUNKNOWN _0COMPRA _o.CIRCNOTE. No olvidar cambiar la fecha de devolución!!!!!!! _o.STAFF. Colección General |
||
| 994 |
_aC0 _bPEPRU |
||
| 596 | _a1 | ||
| 999 |
_aRC 932D D32 _wDEWEY _c61367 _i43397 _f2021-11-8 _g4 _lCCODEBUL1 _mBUL _p35.00 _r1 _sY _tBOOK _u2015-6-16 _xTEOLOGIA _PP20 _0COMPRA _o.CIRCNOTE. No olvidar cambiar la fecha de devolución!!!!!!! _o.STAFF. Colección General _d61367 |
||
| 980 |
_81 _gALBERTO SANCHEZ Responsable de Automatización |
||